KOHA-Header-6

Investment Analysis And Portfolio Management (Record no. 1366)

000 -LEADER
fixed length control field 00319nam a2200121Ia 4500
008 - FIXED-LENGTH DATA ELEMENTS--GENERAL INFORMATION
fixed length control field 190723s9999 xx 000 0 und d
020 ## - INTERNATIONAL STANDARD BOOK NUMBER
International Standard Book Number 978-93-85965-57-9
100 ## - MAIN ENTRY--PERSONAL NAME
Personal name Prasanna Chandra
245 #0 - TITLE STATEMENT
Title Investment Analysis And Portfolio Management
250 ## - EDITION STATEMENT
Edition statement 5th
260 ## - PUBLICATION, DISTRIBUTION, ETC. (IMPRINT)
Place of publication, distribution, etc New Delhi
Name of publisher, distributor, etc McGraw Hill
Date of publication, distribution, etc 2017
942 ## - ADDED ENTRY ELEMENTS (KOHA)
Koha item type Books
Holdings
Withdrawn status Lost status Source of classification or shelving scheme Damaged status Not for loan Collection code Permanent Location Current Location Shelving location Date acquired Total Checkouts Full call number Barcode Date last seen Date checked out Price effective from Koha item type
          Finance MAJU MAJU Shelf No.A38 REF 2019-07-23 1 332.6 7990 2025-07-04 2021-11-03 2019-07-23 Finance

Powered by Koha